000 00725nam a2200265Ia 4500
003 OSt
005 20221006144359.0
006 a|||||r|||| 00| 0
007 ta
008 221006b |||||||| |||| 00| 0 eng d
020 _c180.00
024 _a11,549
037 _cTextual
040 _aEASL
_cEASL
_beng
041 _2eng
_aeng
082 _aU8.498.2L.N04, L5
100 _aWADDELL L. Austine
245 0 _aLhasa and its mysteries with a records of the expedition of 1903-1904
260 _aDelhi
_bSanskaran Prakshak India
_c1975
300 _a530p.
_ccm.
490 _v Gen
650 _aGen
942 _hU8.498.2L.N04, L5
_cTEXL
_2CC
999 _c1079635
_d1079635